000 00385cam a22001337a 4500
008 180718b1981 xxu||||| |||| 00| 0 eng d
082 _aB135x5444 K527
100 _aKhan, M. Ali
245 _aSocial legislation and the rural poor
_cby M. Ali Khan
260 _aDelhi
_bUppal
_c1981
300 _a111p.
650 _a(Written off)
650 _aCommunity life, Rural - India - Karanataka
999 _c347982
_d347982